O chamado do meu povo (Record no. 191476)

MARC details
000 -LÍDER
campo de controle de tamanho fixo 00368 a2200169 4500
001 - NÚMERO DE CONTROLE
campo de controle 191476
020 ## - ISBN - INTERNATIONAL STANDARD BOOK NUMBER
ISBN - International Standard Book Number 85-16-00044-3
040 ## - FONTE DA CATALOGAÇÃO
Instituição que transcreveu o registro Magnum
100 ## - ENTRADA PRINCIPAL--NOME PESSOAL
Nome pessoal Mott, Odette de Barros
240 10 - TÍTULO UNIFORME
Título uniforme O chamado do meu povo
Idioma da obra por
245 10 - TÍTULO
Título O chamado do meu povo
300 ## - DESCRIÇÃO FÍSICA
Extensão 103
362 0# - DATAS DE PUBLICAÇÃO E/OU DESIGNAÇÃO SEQUENCIAL
Datas de publicação e/ou designação sequencial 1993
440 #1 - DECLARAÇÃO DE SÉRIE/ENTRADA ADICIONADA--TÍTULO
Título Moderna
697 ## - ENTRADA DE ASSUNTO LOCAL--ENTIDADE COLETIVA (RLIN)
Nome corporativo ou nome da jurisdição LITERATURA JUVENIL
942 ## - ELEMENTOS DE ENTRADA ADICIONADOS (KOHA)
Tipo de material Koha Livros
Holdings
Situação do descarte Situação das perdas Situação física Não pode ser emprestado Biblioteca de origem Biblioteca atual Data de aquisição Total de empréstimos Número de chamada completo Código de barras Data de último acesso Data do preço efetivo Tipo de material Koha
        Magnum Magnum 08/06/2024   869.3.871 MAG00068933 08/06/2024 08/06/2024 Livros